000 00434nam a22001577a 4500
005 20260424104416.0
008 260424b |||||||| |||| 00| 0 eng d
020 _a9789780813635
050 _aPR9387.2
_b.E39
100 _aCyprian Ekwensi
245 _aThe Drummer Boy
260 _aIBADAN
_bHEBN Publishers Plc
_c1988
300 _a90 pages
650 _aLanguage and Literature
_vEnglish Literature
_xNigeria—Fiction
942 _cBK
999 _c4700
_d4700